000 01528nam a2200361Ia 4500
001 ebr10278017
003 CaPaEBR
006 m u
007 cr cn|||||||||
008 990526s1999 nyua sb 001 0 eng d
010 _z 99034841
020 _z9780195124491
020 _z0195124499 (alk. paper)
040 _aCaPaEBR
_cCaPaEBR
035 _a(OCoLC)243590115
050 1 4 _aHD69.S8
_bC68 1999eb
100 1 _aCortada, James W.
245 1 0 _aInto the networked age
_h[electronic resource] :
_bhow IBM and other firms are getting there now /
_cJames W. Cortada, Thomas S. Hargraves, with Edward Wakin and an IBM team of consultants.
260 _aNew York :
_bOxford University Press,
_c1999.
300 _axxi, 233 p. :
_bill.
504 _aIncludes bibliographical references (p. 215-223) and index.
533 _aElectronic reproduction.
_bPalo Alto, Calif. :
_cebrary,
_d2009.
_nAvailable via World Wide Web.
_nAccess may be limited to ebrary affiliated libraries.
610 2 0 _aInternational Business Machines Corporation.
650 0 _aBusiness networks.
650 0 _aInternational business enterprises
_xManagement.
650 0 _aStrategic alliances (Business)
655 7 _aElectronic books.
_2local
700 1 _aHargraves, Thomas S.
700 1 _aWakin, Edward.
710 2 _aInternational Business Machines Corporation.
710 2 _aebrary, Inc.
856 4 0 _uhttp://site.ebrary.com/lib/rucke/Doc?id=10278017
_zAn electronic book accessible through the World Wide Web; click to view
999 _c19018
_d19018